000 00350nam a22001457a 4500
003 SGT
082 _a617.69
_bR23G
100 _aGarg, Tanisha
245 _aRehabilitation of mandibulectomy patients
260 _aGurugram, Haryana
_bSGT University
_c2023
300 _a127
650 _aProsthodontics
653 _aProsthodontics
942 _2ddc
_cTH
999 _c25603
_d25603